000 01677nam a2200445 c 4500
001 52489
003 ES-MaCES
005 20251115040005.0
008 221018s2022 sp 010 | spa d
017 _aM 11745-2022
_bDL
020 _a9788418433443
040 _aES-MaCES
_bspa
_cES-MaCES
245 0 0 _aNegociación colectiva y economía de plataformas
_b: una herramienta tradicional para nuevos modelos de negocio
_cdirs., José María Miranda Boto, Elisabeth Brameshuber ; coords., Guillermo L. Barrios Baudor, Yolanda Maneiro Vázquez, Daniel Pérez del Prado
250 _a1ª ed
260 _aMadrid
_bCinca
_c2022
300 _a291 p.
_c24 cm
490 0 _aColección estudios laborales
_v36
541 _cCompra
650 4 _aeconomía colaborativa
_937923
650 4 _anegociación colectiva
_928362
650 4 _aconcertación social
_930664
650 4 _arelaciones laborales
_928369
650 4 _aconvenio colectivo
_928361
650 4 _aderechos de los trabajadores
_929924
650 4 _aEspaña
_926964
650 4 _aUE
_926752
650 4 _aderecho del trabajo
_927165
650 4 _aderecho comunitario
_929866
650 4 _aderecho comparado
_929868
650 4 _aestudio de casos
_928846
653 1 0 _aRelaciones laborales-Empleo
700 1 _aMiranda Boto, José María
_918696
_edir.
700 1 _aBrameshuber, Elisabeth
_edir.
_940518
700 1 _aBarrios Baudor, Guillermo L.
_ecoord.
_97188
700 1 _aPérez del Prado, Daniel
_ecoord.
_920749
700 1 _aManeiro Vázquez, Yolanda
_ecoord.
_917380
830 0 _aColección Estudios laborales (Ediciones Cinca)
_934069
_v36
902 _aLIB Libro
942 _2CES
_cBK
_h2.0.
999 _c52489
_d52489